Ultimate guide to facebook advertising : (Record no. 4374)

MARC details
000 -LEADER
fixed length control field 00706nam a22002057a 4500
003 - CONTROL NUMBER IDENTIFIER
control field OSt
005 - DATE AND TIME OF LATEST TRANSACTION
control field 20250829091323.0
008 - FIXED-LENGTH DATA ELEMENTS--GENERAL INFORMATION
fixed length control field 250829b |||||||| |||| 00| 0 eng d
020 ## - INTERNATIONAL STANDARD BOOK NUMBER
International Standard Book Number 9781599184302
040 ## - CATALOGING SOURCE
Original cataloging agency DWCL-Main lib.
Transcribing agency OC
082 ## - DEWEY DECIMAL CLASSIFICATION NUMBER
Classification number Circ. 659.144 M365u 2011
100 ## - MAIN ENTRY--PERSONAL NAME
Personal name Perry Marshall
245 ## - TITLE STATEMENT
Title Ultimate guide to facebook advertising :
Remainder of title how to access 600 million customers in 10 minutes
Statement of responsibility, etc. Perry Marshall
260 ## - PUBLICATION, DISTRIBUTION, ETC.
Place of publication, distribution, etc. [Philippines?] :
Name of publisher, distributor, etc. Entrepreneur Media
Date of publication, distribution, etc. , c2011.
300 ## - PHYSICAL DESCRIPTION
Extent xvii, 268 pages :
Other physical details illustrations ;
Dimensions 23 cm.
504 ## - BIBLIOGRAPHY, ETC. NOTE
Bibliography, etc. note Includes index.
650 ## - SUBJECT ADDED ENTRY--TOPICAL TERM
Topical term or geographic name entry element 1. Facebook (electronic resource).
650 ## - SUBJECT ADDED ENTRY--TOPICAL TERM
Topical term or geographic name entry element 2. Internet advertising.
942 ## - ADDED ENTRY ELEMENTS (KOHA)
Source of classification or shelving scheme Dewey Decimal Classification
Koha item type Book Circulation
Call number prefix Circ.
Suppress in OPAC No
952 ## - LOCATION AND ITEM INFORMATION (KOHA)
--
Holdings
Withdrawn status Lost status Source of classification or shelving scheme Damaged status Not for loan Home library Current library Shelving location Date acquired Source of acquisition Cost, normal purchase price Total Checkouts Full call number Barcode Date last seen Copy number Price effective from Koha item type Uniform Resource Identifier
    Dewey Decimal Classification     College Library College Library Circulation 08/07/2015 School Fund 316.00   Circ. 659.144 M365u 2011 51069 08/29/2025 c1 08/29/2025 BK-CIRC